Państwa śródlądowe, których każdy sąsiad ma dostęp do morza - Statystyki

Ogólne statystyki
  • Ten quiz został rozwiązany 266 razy
  • Średni wynik to 9 z 12
Statystyki odpowiedzi
Wyjaśnienie Państwo % Poprawnych
Włochy San Marino
90%
Włochy Watykan
89%
Hiszpania, Francja Andora
87%
Belgia, Niemcy, Francja Luksemburg
78%
RPA Lesotho
76%
Indie, Chiny Nepal
71%
Polska, Ukraina, Rosja, Litwa, Łotwa Białoruś
69%
Indie, Chiny Bhutan
68%
Rosja, Chiny Mongolia
67%
RPA, Mozambik Eswatini
66%
Ukraina, Rumunia Mołdawia
58%
Chiny, Wietnam, Kambodża, Tajlandia, Mjanma Laos
54%
Nie znaleziono quizów pasujących do podanych kryteriów
Rozkład punktacji
Procent ludzi z każdym wynikiem
Percentyl według liczby udzielonych odpowiedzi
Twoja historia wyników
Nie rozwiązałeś tego quizu